00469nam a22001817a 4500003000400000005001700004008004100021020001800062040002900080050002500109100002000134245005000154260002200204300001000226650001900236942001500255999001700270OSt20260624120655.0260624b |||||||| |||| 00| 0 eng d a9781416603214 cChuka University Library aLB 632.184b.I9 2006 aIvey Gay931022 aCreating Literacy-Rich Schools For Adolscents aU.S.AbASCDc2006 a154.P aReading911310 2lcccBKn0 c25135d25135